The spectator / (Record no. 145369)

MARC details
000 -LEADER
campo de control de longitud fija 00770nam a2200217 i 4500
001 - NÚMERO DE CONTROL
campo de control 145369
003 - IDENTIFICADOR DE NÚMERO DE CONTROL
campo de control ES-MaACL
005 - FECHA Y HORA DE LA ÚLTIMA TRANSACCIÓN
campo de control 20250820140334.0
007 - CAMPO FIJO DE DESCRIPCIÓN FÍSICA--INFORMACIÓN GENERAL
campo de control de longitud fija t|
008 - DATOS DE LONGITUD FIJA--INFORMACIÓN GENERAL
campo de control de longitud fija 070214m19151917xxk r ||||1| eng d
080 ## - NÚMERO DE LA CLASIFICACIÓN DECIMAL UNIVERSAL
Número de la Clasificación Decimal Universal 821.111-4"17"
245 04 - MENCIÓN DEL TÍTULO
Título The spectator /
Mención de responsabilidad, etc. by Joseph Addison, Richard Steele & others.
260 ## - PUBLICACIÓN, DISTRIBUCIÓN, ETC.
Lugar de publicación, distribución, etc. London & Toronto :
Nombre del editor, distribuidor, etc. J.M. Dent & Sons ;
Lugar de publicación, distribución, etc. New York :
Nombre del editor, distribuidor, etc. E.P. Dutton & CO, 1915-[1917]
300 ## - DESCRIPCIÓN FÍSICA
Extensión 4 v. (XI, 377; 313; 314; 331 p.) ;
Dimensiones 18 cm.
490 1# - MENCIÓN DE SERIE
Mención de serie Everyman's library. Essays / edited by Ernest Rhys
700 1# - ENTRADA AGREGADA--NOMBRE PERSONAL
Nombre de persona Addison, Joseph,
Fechas asociadas al nombre 1672-1719
9 (RLIN) 18423
700 1# - ENTRADA AGREGADA--NOMBRE PERSONAL
Nombre de persona Steele, Richard.
9 (RLIN) 160495
830 0# - PUNTO DE ACCESO ADICIONAL DE SERIE-TÍTULO UNIFORME
Título uniforme Everyman's library. Essays / edited by Ernest Rhys
9 (RLIN) 220756
852 ## - LOCALIZACIÓN
Ubicación ES-MaACL
Número de control de estantería G-14698-701
Holdings
Estatus retirado Estado de pérdida Estado de daño No para préstamo Biblioteca de origen Biblioteca actual Ubicación en estantería Fecha de adquisición Fuente de adquisición Total de préstamos Signatura topográfica completa Código de barras Visto por última vez Precio de reemplazo Tipo de ítem Koha
        Biblioteca del Ateneo de Madrid Biblioteca del Ateneo de Madrid Sala Pecera Planta 3 17/01/2008     G-14698-701 1151742 23/02/2023 23/02/2023 Libro impreso